| 000 | 00406nam a2200157 a 4500 | ||
|---|---|---|---|
| 001 | 2747 | ||
| 005 | 20180713182718.0 | ||
| 008 | 140415s1985 000 0 spa d | ||
| 041 | _aspa | ||
| 082 |
_a634.92 _bRAM |
||
| 100 | 1 | _aRAMIREZ GONZALEZ, EDUARDO A. | |
| 245 | 1 | 3 |
_aEL IXTLE : _bUN SISTEMA SOCIENTECNICO |
| 260 |
_a[s.l.] : _bCIQA, _c1985 |
||
| 300 | _a241 | ||
| 650 | 1 | 4 | _aFORESTACION |
| 999 |
_c2747 _d2747 |
||